<?xml version="1.0" encoding="UTF-8"?>
<record
    xmlns:xsi="http://www.w3.org/2001/XMLSchema-instance"
    xsi:schemaLocation="http://www.loc.gov/MARC21/slim http://www.loc.gov/standards/marcxml/schema/MARC21slim.xsd"
    xmlns="http://www.loc.gov/MARC21/slim">

  <leader>00322    a2200109   4500</leader>
  <controlfield tag="005">20250917115800.0</controlfield>
  <datafield tag="020" ind1=" " ind2=" ">
    <subfield code="a">9789365897388</subfield>
  </datafield>
  <datafield tag="100" ind1=" " ind2=" ">
    <subfield code="a">Sabesan K.</subfield>
    <subfield code="9">213155</subfield>
  </datafield>
  <datafield tag="245" ind1=" " ind2=" ">
    <subfield code="a">Generative AI For Everyone: Deep Learning, NLP, And LLMs For Creative And Practical Applications</subfield>
  </datafield>
  <datafield tag="260" ind1=" " ind2=" ">
    <subfield code="b">BPB Publications</subfield>
    <subfield code="c">2025</subfield>
  </datafield>
  <datafield tag="942" ind1=" " ind2=" ">
    <subfield code="c">AR</subfield>
  </datafield>
  <datafield tag="999" ind1=" " ind2=" ">
    <subfield code="c">367831</subfield>
    <subfield code="d">367831</subfield>
  </datafield>
  <datafield tag="952" ind1=" " ind2=" ">
    <subfield code="0">0</subfield>
    <subfield code="1">0</subfield>
    <subfield code="2">ddc</subfield>
    <subfield code="4">0</subfield>
    <subfield code="7">0</subfield>
    <subfield code="a">CCEP</subfield>
    <subfield code="b">CCEP</subfield>
    <subfield code="d">2025-09-19</subfield>
    <subfield code="e">115</subfield>
    <subfield code="g">749.25</subfield>
    <subfield code="l">8</subfield>
    <subfield code="o">006.3 SAB</subfield>
    <subfield code="p">CCEP-BK-69460</subfield>
    <subfield code="q">2026-04-13</subfield>
    <subfield code="r">2026-03-30 09:23:27</subfield>
    <subfield code="s">2026-03-30</subfield>
    <subfield code="v">999.00</subfield>
    <subfield code="w">2025-09-19</subfield>
    <subfield code="y">BK</subfield>
  </datafield>
</record>
